Sabrina Carpenter - Albums par images - Statistiques

Statistiques générales
  • Ce quiz a été pris 166 fois
    91 depuis la dernière actualisation
  • Le résultat moyen est 6 sur 8
Statistiques - réponses
Par images Réponse % Correct
emails i can't send
96%
Man's Best Friend
88%
Short N Sweet
86%
EVOLution
79%
fruitcake
77%
Singular Act II
75%
Singular Act I
70%
Eyes Wide Open
67%
Aucun quiz correspondant
Distribution des résultats
% des personnes avec chaque résultat
Percentile par nombre de réponses
Votre historique - résultats
Vous n’avez pas pris ce quiz depuis la dernière actualisation